Top Scorers by Football Club - Statistics

General Stats
  • This quiz has been taken 319 times
    311 since last reset
  • The average score is 15 of 27
Answer Stats
Answer % Correct
Thierry Henry
97%
Cristiano Ronaldo
96%
Lionel Messi
96%
Sergio Aguero
94%
Wayne Rooney
94%
Antoine Griezmann
90%
Harry Kane
90%
Kylian Mbappe
89%
Frank Lampard
86%
Alan Shearer
83%
Gerd Muller
80%
Dries Mertens
74%
Ian Rush
73%
Francesco Totti
72%
Alessandro Del Piero
71%
Ciro Immobile
59%
Gabriel Batistuta
50%
Giuseppe Meazza
30%
Gunnar Nordahl
15%
Edmundo Suarez
7%
Telmo Zarra
6%
Ulf Kirsten
5%
Delio Onnis
4%
Fleury Di Nallo
3%
Gunnar Andersson
3%
Juan Arza
3%
Alfred Preissler
2%
No matching quizzes found
Score Distribution
Percent of People with Each Score
Percentile by Number Answered
Your Score History
You have not taken this quiz since the last reset